Μικρά : (εκπαιδευτικά-γλωσσικά-πολιτιστικά)

Αποθηκεύτηκε σε:
Λεπτομέρειες βιβλιογραφικής εγγραφής
Κύριος συγγραφέας: Αναγνωστόπουλος, Βασίλειος Δ., 1941-
Μορφή: Βιβλίο
Γλώσσα:Greek
Δημοσίευση: Βόλος : Πανεπισημιακές Εκδόσεις Θεσσαλίας, 2007
Θέματα:
Ετικέτες: Προσθήκη ετικέτας
Δεν υπάρχουν, Καταχωρήστε ετικέτα πρώτοι!

MARC

LEADER 00000cam a2200000 i 4500
001 1/86496
008 080526s2007 gre d
020 |a 978-960-87709-8-0 
035 |l 10097668 
040 |a GR-MY-UA  |b gre  |e aacr 
041 0 |a gre 
082 0 |a 370.94958  |2 (22) 
100 1 |a Αναγνωστόπουλος, Βασίλειος Δ.,   |d 1941- 
245 1 0 |a Μικρά :  |b (εκπαιδευτικά-γλωσσικά-πολιτιστικά) /  |c Β.Δ. Αναγνωστόπουλος 
260 |a Βόλος :   |b Πανεπισημιακές Εκδόσεις Θεσσαλίας,   |c 2007 
300 |a 227 σ.;  |c 21 εκ. 
504 |a Περιλαμβάνει βιβλιογραφίες και ευρετήριο 
650 0 0 |a Education  |x Evaluation. 
650 0 0 |a Culture. 
852 |a INST  |b RHODES  |e 20080526  |h 370.94958 ANA  |p 005400029098  |q 005400029098  |t BK  |y 0 
901 |a BIBL4-2008-2 
909 |a Ρ  |b 150234 
970 |a ΜΙΣΣΟΣ  |b ΣΤΑΥΡΟΣ  |z 2008/05/26